Modulo 1: (Registro nro. 9978)
[ vista simple ]
| 000 -LEADER | |
|---|---|
| fixed length control field | 01058nam a2200205Ia 4500 |
| 005 - FECHA Y HORA DE LA ÚLTIMA TRANSACCIÓN | |
| control field | 20231122151949.0 |
| 008 - FIXED-LENGTH DATA ELEMENTS--GENERAL INFORMATION | |
| fixed length control field | 231115s9999 xx 000 0 und d |
| 020 ## - INTERNATIONAL STANDARD BOOK NUMBER | |
| International Standard Book Number | 978-99961-928-1-4 |
| 040 ## - CATALOGING SOURCE | |
| Original cataloging agency | UPAN |
| Transcribing agency | Biblioteca San Vicente |
| Description conventions | RCAA2 |
| 041 ## - LANGUAGE CODE | |
| Language code of text/sound track or separate title | spa |
| 082 ## - DEWEY DECIMAL CLASSIFICATION NUMBER | |
| Classification number | 001.42 |
| Item number | L846m |
| año de publicación | 2015 |
| 100 ## - MAIN ENTRY--PERSONAL NAME | |
| Personal name | López Grijalva, Raúl |
| Relator code | aut. |
| 245 #0 - TITLE STATEMENT | |
| Title | Modulo 1: |
| Remainder of title | Manual para la elaboración de un proyecto de investigación/ |
| Statement of responsibility, etc | Raúl López Grijalba |
| 250 ## - EDITION STATEMENT | |
| Edition statement | 1° ed. |
| 260 ## - PUBLICATION, DISTRIBUTION, ETC. (IMPRINT) | |
| Place of publication, distribution, etc | El Salvador: |
| Name of publisher, distributor, etc | EDIPRO, |
| Date of publication, distribution, etc | 2015 |
| 300 ## - PHYSICAL DESCRIPTION | |
| Extent | 160 p.; |
| Dimensions | 21 cm. |
| 505 ## - FORMATTED CONTENTS NOTE | |
| Formatted contents note | Capitulo 1:¿Cual es el punto de partida de las investigaciones social<br/>Capitulo 2: Citas referencias y notas en el texto academico.<br/>Capitulo 3:La redacción en el proceso de investigación.<br/>Capitulo 4: Dos vias de acceso al problema de investigación.<br/>Capitulo 5: Los objetivos y la justificación. <br/>Capitulo 6: La teoría y la fundamentación del problema<br/>Capitulo 7: Materiales, métodos y procedimientos. |
| 650 ## - SUBJECT ADDED ENTRY--TOPICAL TERM | |
| Source of heading or term | LEMB |
| Topical term or geographic name as entry element | Investigación científica |
| Form subdivision | Manual |
| 9 (RLIN) | 3 |
| 942 ## - ADDED ENTRY ELEMENTS (KOHA) | |
| Koha item type | Libros |
| Source of classification or shelving scheme | Dewey Decimal Classification |
| Withdrawn status | Lost status | Source of classification or shelving scheme | Damaged status | Not for loan | Collection code | Home library | Current library | Date acquired | Total Checkouts | Full call number | Barcode | Date last seen | Copy number | Price effective from | Koha item type |
|---|---|---|---|---|---|---|---|---|---|---|---|---|---|---|---|
| Dewey Decimal Classification | Referencia | Biblioteca UPAN San Vicente | Biblioteca UPAN San Vicente | 16/11/2023 | 001.42 L846m | 12004232 | 16/11/2023 | 01 | 16/11/2023 | Libros | |||||
| Dewey Decimal Classification | Referencia | Biblioteca UPAN San Vicente | Biblioteca UPAN San Vicente | 22/11/2023 | 001.42 L846m | 12004233 | 22/11/2023 | 02 | 22/11/2023 | Libros | |||||
| Dewey Decimal Classification | Referencia | Biblioteca UPAN San Vicente | Biblioteca UPAN San Vicente | 22/11/2023 | 001.42 L846m | 12004234 | 22/11/2023 | 03 | 22/11/2023 | Libros |